000
00350nam a2200145Ia 4500
008
210716s2003 xx 000 0 und d
041
_a
eng
082
_a
658.848 BALT
100
_a
Balagopal, T A S.
245
_a
Export marketing.
250
_a
1
260
_a
New Delhi
_b
Himalaya Publishing House
_c
2003
300
_a
198
650
_a
Marketing
999
_c
197614
_d
197614